LIBRARY & INFORMATION CENTRE, KCAET, TAVANUR

ONLINE PUBLIC ACCESS CATALOGUE (OPAC)

Text book of heat for degree students / (Record no. 7458)

MARC details
000 -LEADER
fixed length control field 00439cam a2200181ua 4500
041 ## - LANGUAGE CODE
Language code of text/sound track or separate title eng
082 ## - DEWEY DECIMAL CLASSIFICATION NUMBER
Classification number 536
Item number RAJ/TE
100 ## - MAIN ENTRY--AUTHOR NAME
Personal name Rajam , J B .
245 ## - TITLE STATEMENT
Title Text book of heat for degree students /
250 ## - EDITION STATEMENT
Edition statement 3 /
260 ## - PUBLICATION, DISTRIBUTION, ETC. (IMPRINT)
Place of publication New Delhi :
Name of publisher S.Chand and Co ,
Year of publication 1962.
300 ## - PHYSICAL DESCRIPTION
Number of Pages 460 ; .
942 ## - ADDED ENTRY ELEMENTS (KOHA)
Koha item type Books
Holdings
Withdrawn status Lost status Damaged status Home library Current library Date acquired Full call number Accession Number Koha item type
      KAUAET KAUAET 07/04/2012 536 RAJ/TE 4912 Books
free website counter